[Event "Tournoi Skype 011B"]
[Site "Skype"]
[Date "????.??.??"]
[Round "3.25"]
[White "Marty, Yvette"]
[Black "Rival, Jocelyn"]
[Result "0-1"]
[WhiteElo "1000"]
[BlackElo "1122"]
[PlyCount "82"]

1. e4 e5 2. Nf3 Nc6 3. c4 Nf6 4. d3 d6 5. Be2 Be7 6. Ng5 O-O 7. Nc3 d5 8. cxd5
Nd4 9. Nf3 Nxf3+ 10. Bxf3 c5 11. O-O Bd6 12. Bg5 Bd7 13. Qd2 h6 14. Bh4 Rc8 15.
Qe3 Rc7 16. g3 Qe7 17. Rfe1 Rfc8 18. Bg2 c4 19. Rad1 Bb4 20. dxc4 Rxc4 21. Qxa7
b6 22. Qxb6 Bxc3 23. bxc3 g5 24. Rc1 gxh4 25. gxh4 Nxe4 26. Bxe4 Bh3 27. Qe3
Qxh4 28. Bg2 Bf5 29. Re2 e4 30. Qg3+ Qg4 31. Rf1 h5 32. Re3 Rd8 33. a4 Rxd5 34.
a5 Rxa5 35. Qxg4+ hxg4 36. h3 Ra2 37. hxg4 Bxg4 38. Rg3 Kf8 39. Rxg4 f5 40. Rh4
Ke7 41. Rh7+ Ke6 0-1

[Event "Tournoi Skype 011B"]
[Site "Skype"]
[Date "????.??.??"]
[Round "3.26"]
[White "Talbot, Jean"]
[Black "Coude, Josue"]
[Result "1-0"]
[WhiteElo "1000"]
[BlackElo "1104"]
[PlyCount "51"]

1. e4 e5 2. Nf3 Nc6 3. Nc3 Nf6 4. Bc4 Bc5 5. O-O O-O 6. d3 d6 7. Re1 Bg4 8. h3
Bh5 9. Bg5 h6 10. Be3 Bb4 11. a3 Ba5 12. Rb1 Qd7 13. b4 Bb6 14. b5 Na5 15. Bxb6
axb6 16. Nd5 Nh7 17. Ba2 Rfc8 18. c4 f6 19. Rc1 Bf7 20. d4 Bxd5 21. cxd5 Qxb5
22. Rb1 Qd7 23. dxe5 dxe5 24. d6+ Kf8 25. Qd5 Ng5 26. Qg8# 1-0

[Event "Tournoi Skype 011B"]
[Site "Skype"]
[Date "????.??.??"]
[Round "4.1"]
[White "Gerbaux, Regis"]
[Black "Mulrooney, Justin"]
[Result "0-1"]
[WhiteElo "1436"]
[BlackElo "1465"]
[PlyCount "66"]

1. e4 e6 2. d4 d5 3. e5 Bd7 4. Nf3 c5 5. c3 cxd4 6. cxd4 Nc6 7. a3 Rc8 8. Be2
Nh6 9. O-O Nf5 10. Be3 Be7 11. Bb5 Nxe5 12. Bxd7+ Nxd7 13. Qa4 a6 14. Ne5 f6
15. Nf3 O-O 16. Bf4 Rc4 17. Qd1 Nb8 18. Nbd2 Rc8 19. Bxb8 Rxb8 20. Rc1 Qb6 21.
Rc2 Nxd4 22. Nxd4 Qxd4 23. Re1 Qb6 24. Nf3 Rfd8 25. Nd4 e5 26. Nf5 Bf8 27. Qg4
Kh8 28. Re3 Qe6 29. Rh3 Rd7 30. Qg6 Qg8 31. Rcc3 Rf7 32. Rcg3 Rc8 33. Nh6 Rc1#
0-1

[Event "Tournoi Skype 011B"]
[Site "Skype"]
[Date "????.??.??"]
[Round "4.2"]
[White "Briere, Jean"]
[Black "Milanese, Serge"]
[Result "1-0"]
[WhiteElo "1451"]
[BlackElo "1289"]
[PlyCount "63"]

1. d4 d5 2. Nf3 Nc6 3. e3 Nf6 4. c4 e6 5. cxd5 Qxd5 6. Bd3 e5 7. dxe5 Bb4+ 8.
Nc3 Nd7 9. O-O Qe6 10. Nb5 Ba5 11. Nbd4 Nxd4 12. exd4 f6 13. Bf4 c5 14. exf6
Rf8 15. dxc5 gxf6 16. Qe2 Nxc5 17. Qxe6+ Bxe6 18. Bd6 Rg8 19. Bxc5 Bh3 20. Bb5+
Kd8 21. Rfd1+ Kc8 22. g3 a6 23. Bf1 Bg4 24. Bg2 Kc7 25. Rac1 b6 26. Bb4+ Kb8
27. Bd6+ Ka7 28. Rc7+ Kb8 29. Rg7+ Kc8 30. Rxg8+ Kb7 31. Ne5+ Ka7 32. Rxa8# 1-0

[Event "Tournoi Skype 011B"]
[Site "Skype"]
[Date "????.??.??"]
[Round "4.3"]
[White "Armingaud, Jean-Claude"]
[Black "Martin, Jean-Claude"]
[Result "0-1"]
[WhiteElo "1170"]
[BlackElo "1272"]
[PlyCount "80"]

1. e4 e5 2. f4 Nc6 3. Nf3 d6 4. fxe5 dxe5 5. Bc4 h6 6. Bb5 Bd7 7. d3 Nf6 8.
Bxc6 Bxc6 9. O-O Qe7 10. d4 O-O-O 11. Be3 Bxe4 12. Nxe5 Bd5 13. Nc3 Rg8 14.
Nxd5 Rxd5 15. Bf4 g5 16. Bg3 Bg7 17. c4 Rdd8 18. a3 Rgf8 19. Rc1 Ne4 20. Qf3
Nd2 21. Qg4+ Qe6 22. Qxe6+ fxe6 23. Rxf8 Rxf8 24. Ng6 Bxd4+ 25. Kh1 Rf1+ 26.
Rxf1 Nxf1 27. Ne7+ Kd7 28. Ng8 Nxg3+ 29. hxg3 Bxb2 30. a4 h5 31. g4 hxg4 32. g3
Be5 33. Kg2 Kc6 34. Nh6 Kc5 35. Nxg4 Bd4 36. Nh6 Kxc4 37. g4 Kb4 38. Kh3 Kxa4
39. Nf7 Bf6 40. Nxg5 Bxg5 0-1

[Event "Tournoi Skype 011B"]
[Site "Skype"]
[Date "????.??.??"]
[Round "4.4"]
[White "Gabriele, Noel"]
[Black "Hargez, Dany"]
[Result "0-1"]
[WhiteElo "1339"]
[BlackElo "1476"]
[PlyCount "31"]

1. d4 f5 2. Nc3 Nf6 3. Nf3 e6 4. a3 c5 5. Bf4 cxd4 6. Nxd4 Bc5 7. Nf3 Qb6 8. b4
Bxf2+ 9. Kd2 Nc6 10. Kc1 Be3+ 11. Bxe3 Qxe3+ 12. Qd2 Qb6 13. e3 d5 14. Bb5 O-O
15. Re1 Ne4 16. Nd4 0-1

[Event "Tournoi Skype 011B"]
[Site "Skype"]
[Date "????.??.??"]
[Round "4.5"]
[White "Ramirez Reina, Orlando"]
[Black "Alverson, Ginny"]
[Result "1-0"]
[WhiteElo "1447"]
[BlackElo "1313"]
[PlyCount "53"]

1. d4 Nf6 2. c4 d5 3. Nc3 dxc4 4. e4 Nbd7 5. Bxc4 e6 6. a3 Bd6 7. Nf3 O-O 8. e5
Nxe5 9. dxe5 Bxe5 10. Nxe5 Qe7 11. O-O Qc5 12. Qe2 Qd4 13. Rd1 Qc5 14. b4 Qe7
15. Bg5 h6 16. Bh4 Rd8 17. Rxd8+ Qxd8 18. Rd1 Qe8 19. Nb5 Qe7 20. Ba2 c6 21.
Nc3 b5 22. Bb1 g5 23. Bg3 c5 24. Nc6 Qf8 25. Rd8 Ne8 26. Bd6 Qg7 27. Rxe8+ 1-0

[Event "Tournoi Skype 011B"]
[Site "Skype"]
[Date "????.??.??"]
[Round "4.6"]
[White "Raheja, Shiv"]
[Black "Mordaa, Ahmad"]
[Result "1-0"]
[WhiteElo "1303"]
[BlackElo "1426"]
[PlyCount "49"]

1. e4 d6 2. Nc3 Nf6 3. Bc4 c5 4. d3 Nc6 5. Nf3 Bg4 6. Be3 e6 7. h3 Bxf3 8. Qxf3
Be7 9. O-O O-O 10. Qg3 Ne5 11. f4 Nxc4 12. dxc4 e5 13. f5 Nd7 14. Nd5 Bh4 15.
Qg4 Nb6 16. f6 Bxf6 17. Nxf6+ Kh8 18. Nh5 g6 19. Ng3 Nxc4 20. Bh6 Re8 21. Rxf7
Re7 22. Bg5 Ne3 23. Bxe7 Nxg4 24. Bxd8 Rxd8 25. hxg4 1-0

[Event "Tournoi Skype 011B"]
[Site "Skype"]
[Date "????.??.??"]
[Round "4.7"]
[White "Cockayne, Curtis"]
[Black "Picard, Mario"]
[Result "1-0"]
[WhiteElo "1399"]
[BlackElo "1277"]
[PlyCount "103"]

1. e4 d6 2. d4 Nf6 3. Nf3 Nxe4 4. Bd3 d5 5. O-O Bf5 6. Nc3 Nd7 7. Nxd5 e5 8.
Nxe5 Nxe5 9. dxe5 Qxd5 10. c4 Qxe5 11. Re1 Bd6 12. f4 Qd4+ 13. Be3 Qf6 14. Rc1
O-O 15. c5 Be7 16. b4 Nc3 17. Qd2 Ne4 18. Qc2 Qg6 19. Bd4 Rfe8 20. Bxe4 Bxe4
21. Rxe4 Rad8 22. Bb2 Bh4 23. Rxe8+ Rxe8 24. Qc3 Re1+ 25. Rxe1 Bxe1 26. Qxe1 h6
27. Qe5 Qb1+ 28. Kf2 Qc2+ 29. Kg3 Qd3+ 30. Kh4 Qd8+ 31. Kg3 Qd3+ 32. Kh4 Qd8+
33. Kg3 Qd3+ 34. Kf2 Qc2+ 35. Kf3 Qd3+ 36. Kg4 Qg6+ 37. Kf3 Qd3+ 38. Qe3 Qd5+
39. Qe4 Qh5+ 40. g4 Qh3+ 41. Kf2 Qh4+ 42. Ke3 Qh3+ 43. Kd4 Qxh2 44. Bc3 Qg1+
45. Kc4 Qf1+ 46. Kb3 Qd1+ 47. Ka3 b5 48. cxb6 cxb6 49. Qe5 Qc1+ 50. Bb2 f6 51.
Qe8+ Kh7 52. Bxc1 1-0

[Event "Tournoi Skype 011B"]
[Site "Skype"]
[Date "????.??.??"]
[Round "4.8"]
[White "Farfallini, Michel"]
[Black "Rugman, Dan"]
[Result "1-0"]
[WhiteElo "1293"]
[BlackElo "1399"]
[PlyCount "23"]

1. e4 c5 2. Nf3 d6 3. d4 cxd4 4. Qxd4 Nc6 5. Qa4 Bd7 6. Qb3 a6 7. Bd3 Nf6 8.
Be2 e6 9. Nc3 Rb8 10. a3 e5 11. Ng5 Nd4 12. Qxf7# 1-0

[Event "Tournoi Skype 011B"]
[Site "Skype"]
[Date "????.??.??"]
[Round "4.9"]
[White "Vervoort, Jean-Louis"]
[Black "Strydom, Brett"]
[Result "1-0"]
[WhiteElo "1291"]
[BlackElo "1399"]
[PlyCount "51"]

1. e4 e5 2. Nf3 Nc6 3. Bb5 Nge7 4. Bxc6 Nxc6 5. O-O Bc5 6. d3 h6 7. c4 d6 8. h3
Be6 9. b3 Nd4 10. Nc3 Nxf3+ 11. Qxf3 Bd4 12. Bd2 Qd7 13. Rab1 O-O-O 14. Nb5 Bb6
15. a4 a5 16. Be3 c5 17. Rb2 f5 18. Rfb1 fxe4 19. Qxe4 d5 20. Qxe5 dxc4 21.
bxc4 g5 22. Na7+ Bxa7 23. Rxb7 Qxb7 24. Rxb7 Kxb7 25. Qxe6 Rxd3 26. Qe4+ 1-0

[Event "Tournoi Skype 011B"]
[Site "Skype"]
[Date "????.??.??"]
[Round "4.10"]
[White "Ryan, Lea"]
[Black "Capdeville, Jean"]
[Result "1-0"]
[WhiteElo "1282"]
[BlackElo "1384"]
[PlyCount "37"]

1. d4 d5 2. c3 e6 3. Qc2 Nf6 4. Nd2 b6 5. e4 Bb7 6. e5 Ne4 7. Bd3 g6 8. Nxe4
dxe4 9. Bxe4 Bxe4 10. Qxe4 Nd7 11. Nf3 Be7 12. O-O O-O 13. Bh6 Re8 14. Rfe1 Rb8
15. Re3 Bf8 16. Qf4 Bxh6 17. Qxh6 Qe7 18. Ng5 Qf8 19. Qxh7# 1-0

[Event "Tournoi Skype 011B"]
[Site "Skype"]
[Date "????.??.??"]
[Round "4.11"]
[White "Dhenain, Sebastien"]
[Black "Gharbi, Said"]
[Result "0-1"]
[WhiteElo "1214"]
[BlackElo "1355"]
[PlyCount "92"]

1. e4 d5 2. exd5 Qxd5 3. Nc3 Qa5 4. Nf3 e5 5. Qe2 Bd6 6. Qb5+ Nc6 7. Qxa5 Nxa5
8. Nb5 Nf6 9. Nxd6+ cxd6 10. Bb5+ Bd7 11. Bxd7+ Nxd7 12. O-O Rc8 13. c3 Nc5 14.
d4 Nd3 15. dxe5 dxe5 16. Rd1 e4 17. Ne1 Rd8 18. Nxd3 Rxd3 19. Re1 O-O 20. b4
Nc4 21. Bf4 Re8 22. Rac1 e3 23. fxe3 Nxe3 24. Bxe3 Rexe3 25. Rxe3 Rxe3 26. Rd1
h6 27. Rd8+ Kh7 28. Rd2 Rxc3 29. Rd7 Ra3 30. Rxb7 f6 31. b5 Rxa2 32. h3 Kg6 33.
Kh2 f5 34. b6 axb6 35. Rxb6+ Kh5 36. Rb7 g5 37. Rb5 f4 38. Kg1 Kh4 39. Rb6 Kg3
40. Rb3+ f3 41. Rxf3+ Kh4 42. Rf6 h5 43. Rg6 g4 44. hxg4 hxg4 45. Rh6+ Kg3 46.
Rh2 Ra1# 0-1

[Event "Tournoi Skype 011B"]
[Site "Skype"]
[Date "????.??.??"]
[Round "4.13"]
[White "Cossalter, Maurizio"]
[Black "Farthouat, Titoine"]
[Result "1-0"]
[WhiteElo "1387"]
[BlackElo "1150"]
[PlyCount "73"]

1. e4 e6 2. Nc3 Nf6 3. e5 Nd5 4. Nf3 Nxc3 5. dxc3 d6 6. Bd3 dxe5 7. Nxe5 Nc6 8.
Nxc6 bxc6 9. O-O Bd6 10. Qh5 Bb7 11. Re1 e5 12. Bf4 g6 13. Qh6 f6 14. Bxg6+ Ke7
15. Bd3 Qg8 16. Qh4 c5 17. Be4 Bxe4 18. Rxe4 Qg6 19. Bxe5 Bxe5 20. Rxe5+ Kd6
21. Re3 Qxc2 22. Qxf6+ Kd7 23. Re7+ Kc8 24. Qxh8+ Kb7 25. Rxc7+ Kxc7 26. Qxa8
Qxb2 27. Qxa7+ Kd6 28. Rd1+ Ke5 29. Qe7+ Kf4 30. g3+ Kf5 31. Qxh7+ Ke5 32. Qg7+
Kf5 33. g4+ Ke6 34. Qd7+ Kf6 35. Rd6+ Kg5 36. Qf5+ Kh4 37. Qh5# 1-0

[Event "Tournoi Skype 011B"]
[Site "Skype"]
[Date "????.??.??"]
[Round "4.14"]
[White "Porcabeuf, Jean-Marc"]
[Black "Prasad Singh, Ambika"]
[Result "0-1"]
[WhiteElo "1360"]
[BlackElo "1284"]
[PlyCount "58"]

1. d4 Nf6 2. c4 e6 3. Nf3 b6 4. Nc3 Bb4 5. Bf4 Ne4 6. Qc2 Bb7 7. e3 O-O 8. Bd3
f5 9. O-O Nxc3 10. bxc3 Be7 11. Rfe1 Bxf3 12. gxf3 Bg5 13. Be5 Nc6 14. Kh1 Ne7
15. e4 f4 16. Rg1 Ng6 17. Rg4 d6 18. Bxg7 Kxg7 19. e5 dxe5 20. dxe5 Nxe5 21.
Bxh7 Qf6 22. Rag1 Nxg4 23. Rxg4 Kh8 24. Be4 Rad8 25. Qc1 Rg8 26. Qg1 Bh6 27.
Rxg8+ Rxg8 28. Qf1 Qxc3 29. Qh3 Qe1+ 0-1

[Event "Tournoi Skype 011B"]
[Site "Skype"]
[Date "????.??.??"]
[Round "4.16"]
[White "Vincent, Andre"]
[Black "Lequeux, Pierre"]
[Result "0-1"]
[WhiteElo "1433"]
[BlackElo "1108"]
[PlyCount "36"]

1. d4 d5 2. c4 e6 3. Nc3 c6 4. Nf3 Bb4 5. e3 Nf6 6. Qc2 g6 7. Be2 O-O 8. O-O
Bd7 9. Ne5 Be8 10. Re1 Nbd7 11. Nxd7 Bxd7 12. Bd2 Bd6 13. e4 Nxe4 14. Nxe4 dxe4
15. Qxe4 f5 16. Qc2 Qh4 17. g4 Qxh2+ 18. Kf1 Qh1# 0-1

[Event "Tournoi Skype 011B"]
[Site "Skype"]
[Date "????.??.??"]
[Round "4.17"]
[White "Grib, Jessica"]
[Black "Coruble, Didier"]
[Result "0-1"]
[WhiteElo "1199"]
[BlackElo "1430"]
[PlyCount "56"]

1. e4 c5 2. Nf3 d6 3. d4 b6 4. Nc3 Nd7 5. Bf4 Bb7 6. d5 a6 7. Bc4 b5 8. Be2 c4
9. O-O Qc7 10. Ng5 h6 11. Nxf7 Kxf7 12. Bh5+ g6 13. Bf3 Ngf6 14. Re1 h5 15. Qd4
Bg7 16. e5 dxe5 17. Bxe5 Nxe5 18. Rxe5 Nxd5 19. Nxd5 Qxe5 20. Qxe5 Bxe5 21. g3
e6 22. Nc7 Bxf3 23. Nxa8 Rxa8 24. Re1 Rd8 25. h4 Bxb2 26. Kh2 Rd2 27. Rf1 Bd4
28. Kg1 Bg4 0-1

[Event "Tournoi Skype 011B"]
[Site "Skype"]
[Date "????.??.??"]
[Round "4.18"]
[White "Sauvaget, Joel"]
[Black "Gagnon, Sindy"]
[Result "1-0"]
[WhiteElo "1399"]
[BlackElo "1012"]
[PlyCount "51"]

1. e4 Nf6 2. Nc3 e5 3. d3 Be7 4. Nf3 d6 5. Be2 O-O 6. O-O Be6 7. h3 Nbd7 8. Nh2
c5 9. f4 Nh5 10. f5 Ng3 11. fxe6 Nxf1 12. exd7 Nxh2 13. Kxh2 Qxd7 14. Bg4 Qe8
15. Nd5 Bh4 16. Nc7 Qb8 17. Nxa8 Qxa8 18. Bf5 b5 19. Qg4 Bf6 20. Qg3 d5 21. Bh6
Rd8 22. Rf1 dxe4 23. Bxe4 Qb8 24. Rxf6 Qd6 25. Rxd6 Rxd6 26. Qxg7# 1-0

[Event "Tournoi Skype 011B"]
[Site "Skype"]
[Date "????.??.??"]
[Round "4.19"]
[White "Lecluyse, Koenraad"]
[Black "Philibert, Andre"]
[Result "0-1"]
[WhiteElo "1180"]
[BlackElo "1356"]
[PlyCount "58"]

1. d4 d5 2. Nf3 Nf6 3. Bf4 Bf5 4. e3 e6 5. Bd3 Bxd3 6. Qxd3 Bd6 7. Bg3 Bxg3 8.
fxg3 Ne4 9. O-O O-O 10. Nbd2 f5 11. c4 Nd7 12. b4 c6 13. c5 Qc7 14. Rab1 b6 15.
a3 bxc5 16. bxc5 Rab8 17. Rxb8 Qxb8 18. Nb3 h6 19. Na5 Qc7 20. Qa6 Nb8 21. Qd3
Qxa5 22. Ne5 Rf6 23. g4 fxg4 24. Nxg4 Rxf1+ 25. Qxf1 Qd8 26. Ne5 Qg5 27. Qf7+
Kh7 28. Qxe6 Qxe3+ 29. Kf1 Qf2# 0-1

[Event "Tournoi Skype 011B"]
[Site "Skype"]
[Date "????.??.??"]
[Round "4.20"]
[White "Martin, Elise"]
[Black "Letourneau, Judith"]
[Result "1-0"]
[WhiteElo "1217"]
[BlackElo "1000"]
[PlyCount "105"]

1. e4 e5 2. Nf3 b6 3. Nxe5 Bd6 4. Nf3 Bb4 5. Nc3 Nf6 6. d4 O-O 7. Bg5 Nxe4 8.
Qe2 Bb7 9. Bxd8 Rxd8 10. O-O-O Nc6 11. Qd3 Na5 12. Ne5 Re8 13. f3 Ba6 14. Qe3
c5 15. Bxa6 Ng5 16. f4 f6 17. Bc4+ Kh8 18. fxg5 fxg5 19. Nf7+ Kg8 20. Ne5+ Nxc4
21. Nxc4 Rxe3 22. Nxe3 Re8 23. Ncd5 g4 24. Nc7 Rc8 25. Ned5 cxd4 26. Ne7+ Kf8
27. Nxc8 d6 28. Rxd4 h6 29. Rxb4 a5 30. Rf4+ Kg8 31. Rhf1 b5 32. Nxb5 h5 33.
Ne7+ Kh8 34. Rf8+ Kh7 35. Nxd6 h4 36. R1f5 g6 37. R5f7+ Kh6 38. Ndf5+ gxf5 39.
Nxf5+ Kh5 40. Rh8+ Kg5 41. Nxh4 a4 42. Rg7+ Kf4 43. g3+ Ke5 44. Ng6+ Kd5 45.
Rd8+ Kc6 46. Ne5+ Kb5 47. Rgd7 Ka5 48. Rb7 Ka6 49. Rb4 Ka7 50. Rxa4+ Kb6 51.
Rda8 Kb5 52. R4a5+ Kb4 53. c3# 1-0

[Event "Tournoi Skype 011B"]
[Site "Skype"]
[Date "????.??.??"]
[Round "4.22"]
[White "Dupere, Francois"]
[Black "Talbot, Jean"]
[Result "1-0"]
[WhiteElo "1205"]
[BlackElo "1000"]
[PlyCount "57"]

1. e4 e5 2. Bc4 Nc6 3. Nc3 Bc5 4. d3 Nf6 5. h3 O-O 6. Nge2 d6 7. O-O h6 8. Be3
Be6 9. Bxc5 Bxc4 10. dxc4 dxc5 11. Qc1 Nd4 12. Re1 Re8 13. f4 Nxe2+ 14. Rxe2
exf4 15. Qxf4 Qd4+ 16. Kh1 Nh5 17. Qxc7 f5 18. Rd1 Qe5 19. Qxe5 Rxe5 20. Kh2
Nf4 21. Rf2 g5 22. exf5 Rxf5 23. Nb5 Kg7 24. Rd7+ Kf6 25. Rxb7 h5 26. Nd6 g4
27. Nxf5 Kxf5 28. hxg4+ hxg4 29. Rf7+ 1-0

[Event "Tournoi Skype 011B"]
[Site "Skype"]
[Date "????.??.??"]
[Round "4.23"]
[White "Baker, Abi"]
[Black "Steenkamp, Brandt"]
[Result "1-0"]
[WhiteElo "1034"]
[BlackElo "1430"]
[PlyCount "33"]

1. c4 e5 2. d3 Bb4+ 3. Bd2 Bc5 4. Nc3 Qh4 5. g3 Qh5 6. Nb5 c6 7. Nc7+ Kd8 8.
Nxa8 d5 9. cxd5 cxd5 10. Rc1 Bd4 11. Nc7 Bh3 12. Bxh3 Bxb2 13. Rc5 Bd4 14.
Rxd5+ Kxc7 15. Qc1+ Nc6 16. f4 exf4 17. Rxh5 1-0

[Event "Tournoi Skype 011B"]
[Site "Skype"]
[Date "????.??.??"]
[Round "4.25"]
[White "Melin, Christiane"]
[Black "Pedneault, Anne-Frederique"]
[Result "0-1"]
[WhiteElo "1165"]
[BlackElo "1066"]
[PlyCount "84"]

1. e4 e5 2. d3 Nf6 3. Nf3 Nc6 4. Nc3 d6 5. Be2 Be7 6. O-O O-O 7. b3 Bd7 8. a4
h6 9. Be3 Be6 10. d4 exd4 11. Bxd4 d5 12. exd5 Bxd5 13. Bc4 Qd6 14. Re1 Rfe8
15. h3 Qb4 16. Qd2 Bxc4 17. bxc4 Rad8 18. Qe3 Qxc4 19. Nd1 Qxc2 20. Nb2 Qf5 21.
g4 Qd5 22. Rad1 Bd6 23. Rc1 Qa2 24. Rb1 Rxe3 25. Rxe3 Qxb1+ 26. Kg2 Qxb2 27.
Bxb2 a6 28. h4 Bf4 29. Rd3 Rxd3 30. Ne1 Rd2 31. Bc1 Rd1 32. Bxf4 Rxe1 33. Bxc7
b5 34. a5 b4 35. f3 b3 36. Kf2 Rh1 37. Ke2 b2 38. Kd2 b1=Q 39. g5 Nd5 40. f4
Rh3 41. h5 Qb2+ 42. Ke1 Rh1# 0-1

[Event "Tournoi Skype 011B"]
[Site "Skype"]
[Date "????.??.??"]
[Round "5.1"]
[White "Martin, Jean-Claude"]
[Black "Briere, Jean"]
[Result "0-1"]
[WhiteElo "1272"]
[BlackElo "1451"]
[PlyCount "76"]

1. d4 d5 2. c4 e6 3. Nc3 Nf6 4. Nf3 Nbd7 5. Bf4 c5 6. e3 Be7 7. Bd3 O-O 8. O-O
cxd4 9. Nxd4 e5 10. Ncb5 exf4 11. exf4 a6 12. Nc3 Nc5 13. cxd5 Nxd3 14. Qxd3
Nxd5 15. Nxd5 Qxd5 16. Rfd1 Bf6 17. Rd2 b5 18. b3 Bb7 19. f3 Rad8 20. Rad1 Rfe8
21. Nf5 Qxd3 22. Rxd3 Rxd3 23. Rxd3 Rd8 24. Rxd8+ Bxd8 25. Kf1 Bc7 26. Ke2 Bxf4
27. g3 Be5 28. f4 Bf6 29. h4 g6 30. Nh6+ Kg7 31. Ng4 h5 32. Nxf6 Kxf6 33. Kf2
Be4 34. Ke3 Kf5 35. Kd4 a5 36. Kc5 Bd3 37. a4 bxa4 38. bxa4 Kg4 0-1

[Event "Tournoi Skype 011B"]
[Site "Skype"]
[Date "????.??.??"]
[Round "5.2"]
[White "Mulrooney, Justin"]
[Black "Ramirez Reina, Orlando"]
[Result "0-1"]
[WhiteElo "1465"]
[BlackElo "1447"]
[PlyCount "66"]

1. d4 Nf6 2. Nf3 b6 3. e3 Bb7 4. c4 e6 5. Nc3 Bb4 6. Be2 Ne4 7. Qc2 Bxc3+ 8.
bxc3 d5 9. O-O Nd7 10. cxd5 exd5 11. Nd2 Ndf6 12. f3 Nxd2 13. Bxd2 O-O 14. Bd3
Re8 15. c4 c6 16. Rab1 Rc8 17. Qb3 c5 18. dxc5 Rxc5 19. Bc3 Rc8 20. Bd4 dxc4
21. Bxc4 Bd5 22. Bxd5 Qxd5 23. Bxf6 Qxb3 24. Rxb3 gxf6 25. e4 Rc2 26. Rfb1 Rd8
27. a3 Rdd2 28. Rb5 Rxg2+ 29. Kf1 Rcf2+ 30. Ke1 Rxf3 31. R5b3 Rxb3 32. Rxb3
Rxh2 33. Rd3 Ra2 0-1

[Event "Tournoi Skype 011B"]
[Site "Skype"]
[Date "????.??.??"]
[Round "5.3"]
[White "Hargez, Dany"]
[Black "Farfallini, Michel"]
[Result "1-0"]
[WhiteElo "1476"]
[BlackElo "1293"]
[PlyCount "105"]

1. e4 e5 2. Nf3 Nc6 3. d4 exd4 4. Nxd4 Nf6 5. Nxc6 bxc6 6. Bg5 d6 7. Bd3 Be7 8.
O-O O-O 9. Re1 Be6 10. Nc3 d5 11. e5 Nd7 12. Bxe7 Qxe7 13. Re3 d4 14. Rg3 dxc3
15. bxc3 Nxe5 16. Be4 Rab8 17. Qh5 Ng6 18. Bxc6 Nf4 19. Qf3 Qd6 20. Be4 Bc4 21.
Bd3 Bxd3 22. cxd3 Rb2 23. Re1 Rfb8 24. h3 Rb1 25. Rxb1 Rxb1+ 26. Kh2 h6 27.
Qa8+ Kh7 28. Qxa7 Qe5 29. Qe3 Qd6 30. Qe4+ g6 31. d4 Nh5 32. Qe5 Qa3 33. Qxc7
Qc1 34. Qxf7+ Kh8 35. Qf8+ Kh7 36. Qe7+ Ng7 37. Rf3 h5 38. Rf7 Qh1+ 39. Kg3 h4+
40. Qxh4+ Kg8 41. Qe7 Nf5+ 42. Rxf5 gxf5 43. Qg5+ Kh8 44. Qxf5 Rg1 45. Qf3 Ra1
46. d5 Qb1 47. d6 Qb8 48. Qf6+ Kg8 49. Qe7 Rxa2 50. f4 Ra8 51. c4 Ra3+ 52. Kg4
Qc8+ 53. d7 1-0

[Event "Tournoi Skype 011B"]
[Site "Skype"]
[Date "????.??.??"]
[Round "5.4"]
[White "Milanese, Serge"]
[Black "Gerbaux, Regis"]
[Result "1/2-1/2"]
[WhiteElo "1289"]
[BlackElo "1436"]
[PlyCount "74"]

1. e4 c5 2. c3 e5 3. Nf3 d6 4. h3 Nf6 5. d3 h6 6. Be3 Be6 7. Nbd2 Be7 8. d4
cxd4 9. Nxd4 exd4 10. Bxd4 Nbd7 11. Bd3 O-O 12. O-O Qc7 13. Nf3 Ne5 14. Bxe5
dxe5 15. Nh4 Rad8 16. Qf3 g6 17. Rfd1 Nxe4 18. Qxe4 f5 19. Qf3 Bxh4 20. g3 e4
21. Qg2 Bg5 22. h4 Be7 23. f4 exd3 24. h5 Bd5 25. Qh3 Bg2 26. Kxg2 Qc6+ 27. Kh2
Qf3 28. Rd2 Rd6 29. Re1 Bd8 30. Red1 Re8 31. hxg6 Re2+ 32. Rxe2 Qxe2+ 33. Qg2
Qh5+ 34. Qh3 Qe2+ 35. Qg2 Qh5+ 36. Qh3 Qe2+ 37. Qg2 Qh5+ 1/2-1/2

[Event "Tournoi Skype 011B"]
[Site "Skype"]
[Date "????.??.??"]
[Round "5.5"]
[White "Cockayne, Curtis"]
[Black "Vervoort, Jean-Louis"]
[Result "0-1"]
[WhiteElo "1399"]
[BlackElo "1291"]
[PlyCount "56"]

1. e4 e5 2. Nf3 Nc6 3. Nc3 Nf6 4. Bc4 Bc5 5. Ng5 d5 6. exd5 Nxd5 7. Bxd5 Be6 8.
Qh5 g6 9. Qh6 Bxd5 10. d3 Bxg2 11. Qg7 Rf8 12. Nge4 Qd4 13. Nxc5 Qxc5 14. Bh6
Bxh1 15. O-O-O Bf3 16. Re1 O-O-O 17. Na4 Qb4 18. Nc3 Qe7 19. Nb5 Rg8 20. Qxh7
Rh8 21. Qg7 Rdg8 22. Qxg8+ Rxg8 23. d4 Rh8 24. Bf4 Qf6 25. Bxe5 Nxe5 26. Rxe5
Qf4+ 27. Kb1 a6 28. Na7+ Kd7 0-1

[Event "Tournoi Skype 011B"]
[Site "Skype"]
[Date "????.??.??"]
[Round "5.6"]
[White "Gharbi, Said"]
[Black "Tamditi, Ibrahim"]
[Result "1-0"]
[WhiteElo "1355"]
[BlackElo "1179"]
[PlyCount "111"]

1. e4 e5 2. Nf3 Nc6 3. d4 d6 4. d5 Na5 5. Bd2 c6 6. b4 Qb6 7. bxa5 Qd8 8. Bc4
Nf6 9. Qe2 Be7 10. O-O O-O 11. dxc6 bxc6 12. Bb4 c5 13. Bc3 d5 14. exd5 Nxd5
15. Rd1 Nxc3 16. Nxc3 Qxa5 17. Nd5 Bd8 18. Nxe5 Be6 19. Rdb1 Bxd5 20. Bxd5 Rc8
21. Nd7 Bf6 22. Nxf8 Bxa1 23. Rxa1 Kxf8 24. Qh5 Rc7 25. Qxh7 Rd7 26. Qf5 Re7
27. Kf1 Qa6+ 28. c4 Qf6 29. Qxf6 gxf6 30. h4 Re5 31. Rb1 Rh5 32. g3 f5 33. Rb5
f4 34. Rxc5 fxg3 35. fxg3 f5 36. Rc7 f4 37. Rf7+ Ke8 38. Rxf4 Kd7 39. Rf7+ Kd6
40. Rxa7 Rf5+ 41. Kg2 Kc5 42. Rf7 Re5 43. a4 Re8 44. a5 Re2+ 45. Kh3 Ra2 46.
Ra7 Ra4 47. h5 Rb4 48. h6 Rb8 49. h7 Rd8 50. Ra8 Rxa8 51. Bxa8 Kxc4 52. h8=Q
Kb5 53. Qe5+ Ka6 54. Bc6 Ka7 55. Qc7+ Ka6 56. Qb6# 1-0

[Event "Tournoi Skype 011B"]
[Site "Skype"]
[Date "????.??.??"]
[Round "5.7"]
[White "Prasad Singh, Ambika"]
[Black "Raheja, Shiv"]
[Result "1-0"]
[WhiteElo "1284"]
[BlackElo "1303"]
[PlyCount "72"]

1. e4 e5 2. Nf3 Nc6 3. Bc4 Bc5 4. c3 Nf6 5. d4 exd4 6. e5 Ne4 7. Bd5 Qe7 8.
Bxe4 Nxe5 9. cxd4 Bb4+ 10. Nc3 Ng6 11. Qe2 O-O 12. Bg5 Qe6 13. O-O Ne7 14. d5
Qb6 15. a3 Bd6 16. Nb5 Re8 17. Qd3 g6 18. Bf6 a6 19. Nxd6 Qxd6 20. Be5 Qb6 21.
d6 cxd6 22. Qxd6 Qxd6 23. Bxd6 Nc6 24. Rfe1 Re6 25. Rad1 Na5 26. Ng5 Re8 27.
Bd5 Rxe1+ 28. Rxe1 Kg7 29. Nxf7 Nc6 30. Be5+ Kf8 31. Bd6+ Kg7 32. Re8 Kf6 33.
h4 b5 34. g4 Ra7 35. Rxc8 Nd4 36. Be5+ Ke7 1-0

[Event "Tournoi Skype 011B"]
[Site "Skype"]
[Date "????.??.??"]
[Round "5.8"]
[White "Ryan, Lea"]
[Black "Cossalter, Maurizio"]
[Result "0-1"]
[WhiteElo "1282"]
[BlackElo "1387"]
[PlyCount "68"]

1. d4 d5 2. c3 Nf6 3. Bf4 e6 4. Nd2 Nbd7 5. Qc2 c5 6. e3 c4 7. Ngf3 b6 8. e4
Bb7 9. b3 b5 10. e5 Ne4 11. Nxe4 dxe4 12. Nd2 f5 13. bxc4 bxc4 14. Bxc4 Bd5 15.
Qb3 Rb8 16. Qa4 Bxc4 17. Qxc4 Rb6 18. O-O Be7 19. Rfc1 O-O 20. d5 Nc5 21. d6
Bg5 22. Qxc5 Bxf4 23. Rd1 Qc8 24. Qxc8 Rxc8 25. d7 Rd8 26. Nc4 Rc6 27. g3 Bxg3
28. hxg3 Rxc4 29. Rd6 Kf7 30. Rad1 Rxc3 31. Ra6 Rd3 32. Rxd3 exd3 33. Rxa7 d2
34. Rc7 d1=Q+ 0-1

[Event "Tournoi Skype 011B"]
[Site "Skype"]
[Date "????.??.??"]
[Round "5.9"]
[White "Prasad, Sanjay"]
[Black "Armingaud, Jean-Claude"]
[Result "1-0"]
[WhiteElo "1439"]
[BlackElo "1170"]
[PlyCount "71"]

1. c4 e5 2. e4 Nf6 3. d3 Bc5 4. h3 g6 5. Nf3 Nc6 6. a3 O-O 7. Be2 d6 8. O-O Bd4
9. Qc2 a6 10. Nc3 b5 11. Nd5 Be6 12. Nxf6+ Qxf6 13. Bg5 Qg7 14. cxb5 axb5 15.
Qxc6 Bxb2 16. Rab1 Bxa3 17. Rxb5 f6 18. Bc1 f5 19. Bxa3 Rxa3 20. exf5 gxf5 21.
Qc1 Ra4 22. Rb7 f4 23. Qxc7 Qg6 24. Qxd6 Re8 25. Qxe5 Rf8 26. Nd4 Bxh3 27. Qd5+
Kh8 28. Ne6 Bxg2 29. Qe5+ Rf6 30. Qb8+ Qg8 31. Qxg8+ Kxg8 32. Rg7+ Kh8 33. Rxg2
Rxe6 34. Bf3 Rd6 35. Rc1 Ra8 36. Bxa8 1-0